000 01022nam a22002777a 4500
999 _c9067
_d9067
003 AR-CdUCM
008 190327b ||||| |||| 00| 0 spa d
020 _a978-603-45232-0-3
040 _aMUNICIPALIDAD PROVINCIAL DEL CUSCO
_cBIBLIOTECA MUNICIPAL DEL CUSCO
082 _a305.3 /
_bUN61
110 _aUNICEF
_99438
245 _aValores de los pueblos y nacionalidades Indígenas de la Amazonia :
_b(Bolivia, Ecuador y Perú) /
260 _aFinlandia :
_bDetam impresiones,
_c2008.
300 _a189 paginas ;
_bIlustraciones,
_c30 cnm.
505 _aContenido : Introducción -- Marco metodológico --Características de los pueblos participantes -- Consideraciones previas esenciales -- Valores y anti valores...
650 _aAmazonia
_93433
650 _aPerú
_935
650 _aBolivia
_91138
650 _aEcuador
_910121
650 _aIndigenas
_93232
650 _aPueblos y Nacionalidades
_925051
710 _aEibamaz
_925052
856 _fwww.unicef.org/peru
942 _2ddc
_cLIBROS
945 _awnts